Score 0/32 Timer 03:00
2 Plays Today
Clue 4-Letter Word % Correct
12 inchesFOOT
97%
⋄ Number of Horsemen ⋄FOUR
96.9%
⋄ No longer living ⋄DEAD
94%
Musical ensemble (e.g. The Beatles)BAND
92.2%
JesterFOOL
91.6%
Obscene; vulgarFOUL
91.1%
Rosary componentBEAD
90.2%
To curve an objectBEND
90%
Center of a planet (or an apple)CORE
89.6%
Property documentDEED
89.2%
Superior at workBOSS
88.7%
Lowest musical sectionBASS
88.5%
Fleming's fictional spyBOND
88.4%
⋄ To discover or happen upon ⋄FIND
88.3%
Prohibits; forbidsBANS
88.3%
To tie up or restrainBIND
87.5%
Clue 4-Letter Word % Correct
Merlot or Pinot NoirWINE
86.9%
Food for animalsFEED
86.1%
Metal thread used to conduct electricityWIRE
85.9%
Had on an item, such as clothingWORE
85.6%
⋄ Corpse ⋄BODY
85%
Appendage for flightWING
82.2%
To take care of one's selfFEND
81.9%
⋄ Cure song: _____ Don't Cry ⋄BOYS
81.2%
Font optionBOLD
81%
Covering for previous rung?BOOT
81%
Instructions for a computer (or concealed message)CODE
80.9%
Door lockBOLT
80.6%
Very skinny (or ossified)BONY
79.9%
To foreshadow or augurBODE
76.8%
Hopalong Cassidy portrayer WiliamBOYD
70.9%
⋄ Author of 'Stand by Me' source ⋄♛KING♛
48.3%

Today's Daily Dose

Quick Pick
Colorful Movies

Get the Picture
Dog Breeds II

Remove Ads.
Support Sporcle.
Get the best of Sporcle when you Go Orange. This ad-free experience offers more features, more stats, and more fun while also helping to support Sporcle. Thank you for becoming a member.

You're not logged in!

Compare scores with friends on all Sporcle quizzes.
OR
Log In

Show Comments

Extras

Top Quizzes Today


Score Distribution

Your Account Isn't Verified!

In order to create a playlist on Sporcle, you need to verify the email address you used during registration. Go to your Sporcle Settings to finish the process.

Report this User

Report this user for behavior that violates our Community Guidelines.

Details: